| 000 | 00529nam a2200193Ia 4500 | ||
|---|---|---|---|
| 003 | OSt | ||
| 005 | 20240603125150.0 | ||
| 008 | 210210b1976 xxu||||| |||| 00| 0 eng d | ||
| 040 | _cAL | ||
| 041 | _aKannada | ||
| 082 | _aK894.3 USHH | ||
| 100 |
_aUSHA NAVARATNARAM _971240 _dಉಷಾ ನವರತ್ನರಾಂ |
||
| 245 |
_aHombisilu _bಹೊಂಬಿಸಿಲು |
||
| 260 |
_aBengaluru _bShri Rajalakshmi Prakashana _c1976 |
||
| 300 | _a209,iv | ||
| 690 |
_aKannada Fiction _971241 |
||
| 906 | _a033054 | ||
| 942 |
_2ddc _cBK |
||
| 999 |
_c84183 _d84183 |
||